Responses for Show #5275 - Friday, July 13, 2007

Last regular-play game of Season 23.

Contestants

[<< previous game]

Ben Taylor, a student from Rockford, Illinois

Amy Fuller, a medical missions coordinator from Oakland, Oregon

Zach Baker, a computer programmer from Downey, California (whose 2-day cash winnings total $44,400)

[next game >>]

Jeopardy! Round responses

CEMETERIES
PLEISTOCENE STEALER
5-LETTER WORDS
STATES' MOST POPULOUS CITIES
ADDING INSULT
TO INJURY
    $200 23
Paris

Zach
    $200 21
an ice age

Amy
    $200 16
dowry

Zach
    $200 1
Mississippi

Ben
    $200 6
(Andy) Warhol

Zach
    $200 11
(John) Kerry

Zach
    $400 24
Sydney

Zach
    $400 22
the Grand Canyon

Zach
    $400 17
staff

Zach
    $400 2
Kentucky

Zach
    $400 7
Triumph

Zach
    $400 12
Ponce de León

Amy
    $600 25
Boot Hill

Zach
    $3,400 28
a saber-tooth tiger (or a lion)

Ben
    $600 18
a gavel

Amy
    $600 3
(Ben: What is Rhode Island?)

Connecticut

Ben
Triple Stumper
    $600 8
Don Rickles

Zach
    $600 13
Bob Dole

Zach
    $800 26
Forest Lawn

Amy
    $800 29
a land bridge

Ben
    $800 19
score

Zach
    $800 4
New Hampshire

Ben
    $800 9
José Canseco

Triple Stumper
    $800 14
Elizabeth Barrett Browning

Zach
    $1000 27
Flanders Field

Ben
    $1000 30
Bonneville

Zach
    $1000 20
parry

Zach
    $1000 5
Vermont

Ben
    $1000 10
(Ann) Richards

Amy
    $1000 15
John Brown

Ben

Scores at the first commercial break (after clue 15):

Zach Amy Ben
$3,200 $1,400 $2,400

Scores at the end of the Jeopardy! Round:

Zach Amy Ben
$8,200 $3,000 $7,600

Double Jeopardy! Round responses

THE RESTORATION
POP CULTURE: 1999
NAMES FROM THE PAST
THE NEW YORK TIMES WEEK IN REVIEW
CHECK YOUR OIL
"E" BAY
    $400 6
Punch & Judy

Ben
    $400 1
(Monica) Lewinsky

Zach
    $400 21
Abraham

Ben
    $400 11
the Panama Canal

Amy
    $400 26
the United States

Amy
    $400 15
(Zach: What is...)

escargot

ZachAmy
    $3,400 7
Paradise Lost

Ben
    $800 2
The Sixth Sense

Zach
    $800 22
Socrates

Ben
    $800 12
(Ben: What is North Korea?)
(Zach: What is Bangladesh?)
[ERRATUM: The article in question was published on Saturday, December 9, 2006, not Tuesday.]

India

ZachBen
Triple Stumper
    $800 27
Saudi Arabia

Ben
    $800 16
an earthworm

Ben
    $1200 8
(Ben: Who is Galileo?)

Isaac Newton

Ben
Triple Stumper
    $1200 3
(Alex: And that play was [*].)

The Lion In Winter

Triple Stumper
    $1200 23
Saladin

Ben
    $1200 13
intelligent design

Zach
    $1200 28
refineries

Ben
    $1200 17
equalizer

Amy
    $1600 9
the Stuart family

Ben
    $1600 4
(Alex: Yes, of South Park.)

Kenny

Ben
    $1600 24
(Alex: You know him better because of his famous oath--[*].)

Hippocrates

Triple Stumper
    $4,000 14
(Zach: What is...)

Somalia

Zach
    $1600 29
Alaska

Zach
    $1600 18
extrapolate

Amy
    $2000 10
(John) Locke

Ben
    $2000 5
(Amy: Who are Salt-N-Pepa?)

Naomi & Wynonna Judd

Amy
Triple Stumper
    $2000 25
(Ben: Who is Demosthenes?)
...
(Alex: Who was [*]? Rome.)

Cicero

Ben
Triple Stumper
    $2000 20
Rutgers

Ben
    $2000 30
kerosene

Ben
    $2000 19
Ecclesiastes

Zach

Scores at the end of the Double Jeopardy! Round:

Zach Amy Ben
$9,000 $5,000 $21,800
(lock game)

[wagering suggestions for these scores]

Final Jeopardy! Round responses

SPORTS
AmyWhat is the LPGA?
$2,000
ZachWhat is the LPGA?
$1,000
BenWhat is the LPGA?
$3,799
the LPGA (Ladies' Professional Golf Association)

Final scores:

Zach Amy Ben
$10,000 $7,000 $25,599
2nd place: $2,000 3rd place: $1,000 New champion: $25,599

Game dynamics:

Coryat scores:

Zach Amy Ben
$13,000 $5,000 $16,400
21 R,
3 W
(including 1 DD)
10 R,
1 W
20 R
(including 2 DDs),
4 W

Combined Coryat: $34,400

[game clues] [game scores] [suggest correction]

Game tape date: 2007-04-13
The J! Archive is created by fans, for fans. Scraping, republication, monetization, and malicious use prohibited; this site may use cookies and collect identifying information. See terms. The Jeopardy! game show and all elements thereof, including but not limited to copyright and trademark thereto, are the property of Jeopardy Productions, Inc. and are protected under law. This website is not affiliated with, sponsored by, or operated by Jeopardy Productions, Inc. Join the discussion at JBoard.tv.